| 000 | 00000nam##2200000za#4500 |
| 001 | 9.575175 |
| 003 | CaOODSP |
| 005 | 20210624184534 |
| 007 | cr ||||||||||| |
| 008 | 150406|1982||||xxc|||||o f|0| 0 eng|d |
| 040 | |aCaOODSP|beng |
| 043 | |an-cn--- |
| 086 | 1 |aFs97-17/3E-PDF |
| 110 | 1 |aCanada. |bDepartment of Fisheries and Oceans. |
| 245 | 10|aReport on Ocean Dumping R and D Pacific Region, Department of Fisheries and Oceans 1980-81 / |h[electronic resource]|cEdited by S.C. Hyers and G.S. Calderwood. |
| 260 | |aOttawa - Ontario : |bFisheries and Oceans Canada |cc1982. |
| 300 | |a41p.|bfigs., references, tables |
| 490 | 1 |aCanadian contractor report of hydrography and ocean sciences|vNo. 3 |
| 500 | |aThe catalogue number and ISSN for the print edition appear in this electronic version. |
| 546 | |a(Résumé en français). |
| 590 | |a12-39-Supp|b2012-10-11 |
| 720 | 1 |aHyers, S. C. |
| 720 | 1 |aCalderwood, G. S. |
| 830 | #0|aCanadian contractor report of hydrography and ocean sciences ;|vNo. 3|w(CaOODSP)9.506655 |
| 856 | 40|ahttp://publications.gc.ca|qPDF|s1468 KB|uhttps://publications.gc.ca/collections/collection_2012/mpo-dfo/Fs97-17-3-eng.pdf|yNo. 3 |